clubs de liga 2022/2023 - Statistiques

Statistiques générales
  • Ce quiz a été pris 171 fois
  • Le résultat moyen est 13 sur 20
Statistiques - réponses
Championnat club % Correct
Liga Real Madrid
100%
Liga Fc Barcelone
98%
Liga Atletico Madrid
91%
Liga Fc seville
88%
Liga Athletic Bilbao
84%
Liga Real betis
83%
Liga real sociedad
80%
Liga Valence
79%
Liga Villareal
66%
Liga Espanyol
64%
Liga Rayo Vallecano
60%
Liga Getafe
55%
Liga Cadix
53%
Liga Girona
53%
Liga Majorque
50%
Liga celta vigo
47%
Liga Elche
45%
Liga real Valladolid
44%
Liga Osasuna
43%
Liga UD Almeria
40%
Aucun quiz correspondant
Distribution des résultats
% des personnes avec chaque résultat
Percentile par nombre de réponses
Votre historique - résultats
Vous n’avez pas pris ce quiz